Postacie z Squad Busters - Statystyki

Ogólne statystyki
  • Ten quiz został rozwiązany 149 razy
    74 od ostatniego zresetowania
  • Średni wynik to 15 z 35
Statystyki odpowiedzi
Hint Odpowiedź % Poprawnych
zwykła Barbarzyńca
83%
zwykła Shelly
83%
zwykła Colt
71%
zwykła Greg
63%
epicka Król Barbarzyńców
63%
rzadka Nita
63%
zwykła El Primo
60%
epicka Wiedźma
60%
zwykła Goblin
56%
rzadka Jessie
56%
rzadka Dynamike
54%
zwykła Kurczak
52%
rzadka Czarodziej
50%
rzadka Medyk
46%
zwykła Mavis
44%
rzadka Czarodziej lodu
42%
epicka Maks
42%
epicka Mortis
42%
rzadka Bea
40%
rzadka Czołg
40%
zwykła Bo
38%
rzadka Wieprzowy Jeździec
38%
epicka Dr. T
35%
zwykła Handlarz
33%
rzadka Pam
33%
rzadka Penny
33%
zwykła Ciężki
31%
mega El Tigre
31%
epicka Król Royale
27%
rzadka Bandytka
25%
mega Smoczy Kurczak
19%
mega Magiczna Shelly
17%
epicka Królowa Łuczników
15%
epicka Uzdrowicielka Bitewna
13%
mega Wiedźma Kitsune
8%
Nie znaleziono quizów pasujących do podanych kryteriów
Rozkład punktacji
Procent ludzi z każdym wynikiem
Percentyl według liczby udzielonych odpowiedzi
Twoja historia wyników
Nie rozwiązałeś tego quizu od ostatniego zresetowania